[Event "ROM-ch U10 Boys"]
[Site "Voineasa"]
[Date "2008.04.13"]
[Round "2"]
[White "Tantau, Mircea"]
[Black "Enache, Daniel"]
[Result "0-1"]
[WhiteElo "401"]
[BlackElo "401"]
[PlyCount "96"]
[EventDate "2008.04.08"]
[EventType "swiss"]
[EventRounds "9"]
[EventCountry "ROU"]
[SourceTitle "EXT 2013"]
[Source "ChessBase"]
[SourceDate "2012.11.22"]
[SourceVersion "1"]
[SourceVersionDate "2012.11.22"]
[SourceQuality "1"]

1. e4 c6 2. Nf3 d5 3. exd5 cxd5 4. d4 Bg4 5. Nc3 Nc6 6. h3 Bh5 7. Be3 e6 8. Be2 Bb4 9. Qd2 Nf6 10. a3 Ba5 11. 0-0 Ne4 12. Qd3 Nxc3 13. bxc3 Bg6 14. Qd2 Qe7 15. Bd3 0-0 16. Bg5 Qd6 17. Bf4 Qe7 18. Bg5 f6 19. Bxg6 hxg6 20. Be3 Rfc8 21. Qe1 e5 22. dxe5 Nxe5 23. Bd2 Nxf3+ 24. gxf3 Qxe1 25. Raxe1 Bxc3 26. Bxc3 Rxc3 27. Rd1 Rd8 28. Ra1 Rxf3 29. Kg2 Rc3 30. Rfc1 Rdc8 31. Ra2 d4 32. Rb2 d3 33. Ra2 Rxc2 34. Raxc2 Rxc2 35. Rd1 Rc3 36. Kf3 Rxa3 37. Ke3 b5 38. Rxd3 Rxd3+ 39. Kxd3 Kf7 40. Kd4 Ke6 41. Kc5 a6 42. Kb6 b4 43. Kxa6 b3 44. Ka5 b2 45. Ka4 b1Q 46. Ka3 Kd5 47. Ka4 Kc4 48. Ka3 Qb3# 0-1